| 000 | 01421nam a22002177a 4500 | ||
|---|---|---|---|
| 008 | 250618b |||||||| |||| 00| 0 eng d | ||
| 020 | _a9783825352899 | ||
| 040 | _ctbs | ||
| 041 |
_aeng _ager |
||
| 050 |
_aPE1137 _b.S29 2001 |
||
| 100 |
_aSauer, Walter _925514 _eauthor |
||
| 245 |
_aAmerican English pronounciation _b: a drillbook _c/ Walter Sauer. |
||
| 250 | _aFourth edition. | ||
| 260 |
_aHeidelberg, Germany : _bUniversitätsverlag Winter _c2011. |
||
| 300 |
_a128 pages : _billustrations ; _c21 cm. |
||
| 490 |
_aSprachwissenschaftliche Studienbücher ; _vErste Abteilung. |
||
| 520 | _a'American English Pronunciation: A Drillbook' is designed to accompany lecture courses on American English phonetics and language laboratory classes in American English pronunciation at university level. It is equally suitable as a self-instructional program for anyone wishing to improve their American English pronunciation. Part I (Pronunciation Practice) provides pronunciation exercises to be used in conjunction with additional audio material (available on request) or following the model of a native speaker. Part II (Transcription Practice) presents model texts for phonetic transcription. In both parts, orthographic text and phonetic script appear on facing pages. Several phonetic puzzles are also included. | ||
| 650 | 0 |
_aEnglish language _xPronunciation _925516 |
|
| 650 | 0 |
_aAmericanisms _925515 |
|
| 942 | _2lcc | ||
| 999 |
_c4768 _d4768 |
||